ALL TOGETHER DEAD (Record no. 2392)
[ view plain ]
| 000 -LEADER | |
|---|---|
| fixed length control field | 00602nam a22001337a 4500 |
| 082 ## - DEWEY DECIMAL CLASSIFICATION NUMBER | |
| Classification number | 823 |
| Item number | HAR/A |
| 100 ## - MAIN ENTRY--AUTHOR NAME | |
| Personal name | HARRIS/ CHARLAINE |
| 245 ## - TITLE STATEMENT | |
| Title | ALL TOGETHER DEAD |
| 260 ## - PUBLICATION, DISTRIBUTION, ETC. (IMPRINT) | |
| Place of publication | LONDON |
| Name of publisher | ORION PUBLISHING |
| 300 ## - PHYSICAL DESCRIPTION | |
| Number of Pages | 323 |
| 520 ## - SUMMARY, ETC. | |
| Summary, etc | Book Review: All Together Dead (Sookie Stackhouse #7) by Charlaine Harris. Summary: Betrayed by her longtime vampire love, Louisiana cocktail waitress Sookie Stackhouse must now not only deal with a possible new man in her life-the oh-so-handsome shapeshifter Quinn-but also contend with a long-planned vampire summit. |
| 650 ## - SUBJECT ADDED ENTRY--TOPICAL TERM | |
| Topical Term | NOVEL, ENGLISH |
| Geographic subdivision | LONDON |
| 942 ## - ADDED ENTRY ELEMENTS (KOHA) | |
| Koha item type | Books |
| Withdrawn status | Lost status | Collection code | Home library | Current library | Shelving location | Date acquired | Source of acquisition | Full call number | Accession Number | Koha item type |
|---|---|---|---|---|---|---|---|---|---|---|
| Fiction | Main Library | Main Library | SHELF-2-D ENGLIAH NOVELS FOR TEACHERS | 02/05/2015 | PURCHASE | 823 HAR/A | 07499 | Books |